[Event "FRA-ch U20 Girls"]
[Site "Vichy"]
[Date "2025.05.03"]
[Round "8"]
[White "Le Neindre, Lynn"]
[Black "Marcellier, Lucie"]
[Result "0-1"]
[WhiteElo "1451"]
[BlackElo "1899"]
[PlyCount "48"]
[EventDate "2025.04.27"]
[EventType "swiss"]
[EventRounds "9"]
[EventCountry "FRA"]
[SourceTitle "CB19_2025"]
[SourceDate "2025.05.07"]
[SourceVersion "1"]
[SourceVersionDate "2025.05.07"]
[SourceQuality "1"]

1. Nf3 d5 2. g3 c6 3. Bg2 Bg4 4. 0-0 Nd7 5. d3 Ngf6 6. Nbd2 e5 7. c4 Bc5 8. Nb3 Bd6 9. c5 Bc7 10. d4 e4 11. Nh4 h6 12. Bh1 Qe7 13. f3 Bh3 14. Ng2 g5 15. Re1 0-0-0 16. Qd2 Rde8 17. a4 Nh5 18. Na5 Qf6 19. Ne3 Kb8 20. b4 Nxg3 21. hxg3 Bxg3 22. Rd1 Qf4 23. Nf1 Bh2+ 24. Kf2 e3+ 0-1

[Event "FRA-ch U20 Girls"]
[Site "Vichy"]
[Date "2025.04.28"]
[Round "3"]
[White "Barrau, Leanna"]
[Black "Marcellier, Lucie"]
[Result "1-0"]
[WhiteElo "1836"]
[BlackElo "1899"]
[PlyCount "79"]
[EventDate "2025.04.27"]
[EventType "swiss"]
[EventRounds "9"]
[EventCountry "FRA"]
[SourceTitle "CB19_2025"]
[SourceDate "2025.05.07"]
[SourceVersion "1"]
[SourceVersionDate "2025.05.07"]
[SourceQuality "1"]

1. c4 e5 2. Nc3 Nf6 3. Nf3 e4 4. Ng5 c6 5. Ngxe4 Nxe4 6. Nxe4 d5 7. cxd5 cxd5 8. Ng3 h5 9. e3 h4 10. Ne2 Qf6 11. d4 Nc6 12. a3 Bd6 13. Nc3 Ne7 14. Bb5+ Kf8 15. Be2 Qg6 16. Bf3 Be6 17. Bd2 Rd8 18. Nb5 Bb8 19. Bb4 a6 20. Nc3 Qg5 21. Na4 Kg8 22. Bxe7 Qxe7 23. Nc5 Bd6 24. Rc1 Rh6 25. Qb3 Bxc5 26. Rxc5 Rg6 27. Ke2 Rg5 28. Rhc1 Rd7 29. Qb6 Bg4 30. Rc8+ Kh7 31. Rb8 h3 32. Bxg4 Rxg4 33. gxh3 Rg6 34. Qb3 Rg2 35. Qd3+ g6 36. Rcc8 Rxh2 37. Rh8+ Kg7 38. Rbg8+ Kf6 39. Rh6 Kg5 40. Rgxg6+ 1-0

[Event "FRA-ch U20 Girls"]
[Site "Agen"]
[Date "2024.04.21"]
[Round "9"]
[White "Renaudin, Axelle"]
[Black "Marcellier, Lucie"]
[Result "0-1"]
[WhiteElo "1845"]
[BlackElo "1849"]
[PlyCount "92"]
[EventDate "2024.04.14"]
[EventType "swiss"]
[EventRounds "9"]
[EventCountry "FRA"]
[SourceTitle "EXT 2025"]
[Source "ChessBase"]
[SourceDate "2024.10.14"]
[SourceVersion "1"]
[SourceVersionDate "2024.10.14"]
[SourceQuality "1"]

1. d4 d5 2. Nf3 Nf6 3. g3 c6 4. Bg2 Bf5 5. c4 Bxb1 6. Rxb1 dxc4 7. 0-0 e6 8. Ne5 Qa5 9. Nxc4 Qxa2 10. Qc2 Qa6 11. Bf4 Bb4 12. e4 0-0 13. Bg5 Nbd7 14. f4 h6 15. Bh4 b5 16. Ra1 Qb7 17. Ne3 Qb6 18. Rad1 Rac8 19. Kh1 a5 20. f5 e5 21. dxe5 Nxe5 22. Bxf6 gxf6 23. Qe2 Rfd8 24. Rxd8+ Rxd8 25. Ng4 Nxg4 26. Qxg4+ Kh7 27. e5 Qd4 28. Qxd4 Rxd4 29. Bxc6 fxe5 30. Bxb5 Rd2 31. b3 Kg7 32. h3 Kf6 33. Bc4 e4 34. g4 e3 35. Re1 Bc5 36. Re2 Rd1+ 37. Kg2 Rc1 38. Ra2 Bb4 39. Be2 Rc3 40. Bc4 Rc1 41. Be2 Kg5 42. Bc4 f6 43. Re2 Bd2 44. Bb5 Kf4 45. Bc4 a4 46. b4 Rxc4 0-1

[Event "FRA-ch U20 Girls"]
[Site "Agen"]
[Date "2024.04.17"]
[Round "5"]
[White "Tomasi, Elise"]
[Black "Marcellier, Lucie"]
[Result "1-0"]
[WhiteElo "1993"]
[BlackElo "1849"]
[PlyCount "111"]
[EventDate "2024.04.14"]
[EventType "swiss"]
[EventRounds "9"]
[EventCountry "FRA"]
[SourceTitle "EXT 2025"]
[Source "ChessBase"]
[SourceDate "2024.10.14"]
[SourceVersion "1"]
[SourceVersionDate "2024.10.14"]
[SourceQuality "1"]

1. d4 d5 2. Nf3 Nf6 3. g3 c6 4. Bg2 Bf5 5. 0-0 e6 6. c4 Be7 7. Nc3 h6 8. Nd2 Qb6 9. c5 Qd8 10. b4 0-0 11. f3 a5 12. Qb3 b6 13. Na4 Nbd7 14. Ba3 axb4 15. Bxb4 bxc5 16. Nxc5 Nxc5 17. dxc5 Nd7 18. Rac1 Qb8 19. e4 Bg6 20. a3 Qb5 21. Rfe1 Bf6 22. Qe3 Qa4 23. Rb1 Rfb8 24. f4 Rb5 25. Bf1 Rbb8 26. Bd3 Bh7 27. e5 Be7 28. Bxh7+ Kxh7 29. Nb3 Rxb4 30. axb4 Qxb4 31. Nd4 Qxd4 32. Qxd4 Bxc5 33. Qxc5 Nxc5 34. Rec1 Ne4 35. Rxc6 Kg6 36. Rc7 Rf8 37. Rbb7 h5 38. Kg2 Nd2 39. Kf2 Nc4 40. Ra7 Nb6 41. Ke2 Nc4 42. Rcb7 d4 43. Rd7 Ne3 44. Rxd4 Nd5 45. Ra6 Kf5 46. Kf3 Rb8 47. Ra7 Rb3+ 48. Kg2 Ne3+ 49. Kh3 f6 50. Rxg7 fxe5 51. Rg5+ Kf6 52. Rxe5 Nf5 53. Ra4 h4 54. Ra6 Nd4 55. Re4 Rd3 56. Rd6 1-0

[Event "FRA-ch U20 Girls"]
[Site "Agen"]
[Date "2024.04.15"]
[Round "2"]
[White "Bellahcene, Sofia"]
[Black "Marcellier, Lucie"]
[Result "1-0"]
[WhiteElo "2008"]
[BlackElo "1849"]
[PlyCount "73"]
[EventDate "2024.04.14"]
[EventType "swiss"]
[EventRounds "9"]
[EventCountry "FRA"]
[SourceTitle "EXT 2025"]
[Source "ChessBase"]
[SourceDate "2024.10.14"]
[SourceVersion "1"]
[SourceVersionDate "2024.10.14"]
[SourceQuality "1"]

1. e4 c6 2. d4 d5 3. e5 Bf5 4. g4 Bg6 5. Ne2 e6 6. Nf4 Ne7 7. h4 h5 8. gxh5 Be4 9. Rg1 Nf5 10. Nc3 Nxh4 11. Nxe4 dxe4 12. Be2 Nf5 13. c3 Qh4 14. Ng2 Qd8 15. Qc2 c5 16. Qxe4 Nc6 17. Bb5 Rc8 18. d5 Qxd5 19. Qxd5 exd5 20. Nf4 a6 21. Be2 Nxe5 22. Rg5 g6 23. Nxd5 Bh6 24. Rxf5 gxf5 25. Bxh6 Rxh6 26. 0-0-0 Ng4 27. Rg1 Nxf2 28. Rg8+ Kd7 29. Rxc8 Kxc8 30. Ne7+ Kc7 31. Nxf5 Re6 32. Bf3 Nd3+ 33. Kd2 Nf4 34. h6 Rf6 35. h7 Ng6 36. Ne7 Rd6+ 37. Kc2 1-0

[Event "Salon de Provence op 12th"]
[Site "Salon de Provence"]
[Date "2022.07.09"]
[Round "1"]
[White "Marcellier, Lucie"]
[Black "Kolb, Sebastien"]
[Result "1/2-1/2"]
[WhiteElo "1734"]
[BlackElo "1947"]
[PlyCount "78"]
[EventDate "2022.07.09"]
[EventType "swiss"]
[EventRounds "9"]
[EventCountry "FRA"]
[SourceTitle "CBM 209 Extra"]
[Source "ChessBase"]
[SourceDate "2022.09.30"]
[SourceVersion "1"]
[SourceVersionDate "2022.09.30"]
[SourceQuality "1"]

1. d4 Nf6 2. Bf4 g6 3. Nc3 d5 4. e3 Bg7 5. h4 Ne4 6. Nxe4 dxe4 7. h5 Nc6 8. Bb5 Bd7 9. Nh3 a6 10. Bc4 Na5 11. Be2 Bb5 12. Ng5 Qd5 13. b3 Bxe2 14. Qxe2 h6 15. c4 Qc6 16. Nh3 g5 17. Bg3 Qb6 18. 0-0 0-0 19. Rad1 Nc6 20. f4 exf3 21. Qxf3 e5 22. c5 Qb5 23. d5 Ne7 24. d6 cxd6 25. cxd6 Nc6 26. Qf5 Qb6 27. Bf2 e4 28. Nxg5 hxg5 29. Qxg5 Qd8 30. Qg4 f5 31. Qh3 Qg5 32. Bh4 Qxh5 33. Rd5 Qg4 34. Qxg4 fxg4 35. Rxf8+ Kxf8 36. d7 Kf7 37. d8Q Nxd8 38. Rxd8 Rxd8 39. Bxd8 Ke6 1/2-1/2

[Event "FRA-ch U16"]
[Site "Agen"]
[Date "2021.10.29"]
[Round "7"]
[White "Sumarriva Paulin, Laura"]
[Black "Marcellier, Lucie"]
[Result "0-1"]
[WhiteElo "1974"]
[BlackElo "1624"]
[PlyCount "54"]
[EventDate "2021.10.22"]
[EventType "swiss"]
[EventRounds "9"]
[EventCountry "FRA"]
[SourceTitle "EXT 2023"]
[Source "ChessBase"]
[SourceDate "2022.10.05"]
[SourceVersion "1"]
[SourceVersionDate "2022.10.05"]
[SourceQuality "1"]

1. e4 c6 2. Nf3 d5 3. d3 Bg4 4. h3 Bh5 5. Qe2 e6 6. g4 Bg6 7. h4 h5 8. Ne5 Bh7 9. exd5 cxd5 10. g5 Bf5 11. Bh3 Bxh3 12. Rxh3 g6 13. Rf3 Rh7 14. d4 Qb6 15. c3 Ne7 16. Nd2 Nf5 17. Rh3 Nc6 18. Ndf3 Bd6 19. Nd3 Qc7 20. Be3 Rh8 21. Kf1 Ke7 22. b3 Na5 23. Nb2 Qxc3 24. Kg2 Rac8 25. Rhh1 Nxe3+ 26. fxe3 Qc2 27. Rhe1 Bb4 0-1

[Event "FRA-ch U12 Girls"]
[Site "Gonfreville"]
[Date "2016.??.??"]
[Round "3"]
[White "Thomas, Amaryllis"]
[Black "Marcellier, Lucie"]
[Result "1-0"]
[WhiteElo "1648"]
[BlackElo "1310"]
[PlyCount "63"]
[EventDate "2016.04.22"]
[EventType "swiss"]
[EventRounds "9"]
[EventCountry "FRA"]
[SourceTitle "EXT 2019"]
[Source "ChessBase"]
[SourceDate "2018.10.10"]
[SourceVersion "1"]
[SourceVersionDate "2018.10.10"]
[SourceQuality "1"]

1. e4 e5 2. Nf3 Nc6 3. Bc4 Nf6 4. Nc3 Be7 5. 0-0 0-0 6. d3 d6 7. h3 h6 8. Nh2 Kh8 9. f4 Be6 10. fxe5 Nxe5 11. Bb3 Nh7 12. Ne2 Ng6 13. Nf4 Nxf4 14. Bxf4 Qd7 15. Qe1 Rae8 16. Be3 f5 17. Bxe6 Qxe6 18. exf5 Rxf5 19. Rxf5 Qxf5 20. Qb4 b6 21. Qa4 Ra8 22. Rf1 Qe5 23. Ng4 Qxb2 24. Bd4 Qxd4+ 25. Qxd4 Kg8 26. Qd5+ Kh8 27. Qxa8+ Nf8 28. Rxf8+ Bxf8 29. Qxf8+ Kh7 30. Ne3 g6 31. Nd5 g5 32. Ne7 1-0

[Event "EU-ch U10 Girls 25th"]
[Site "Porec"]
[Date "2015.09.29"]
[Round "8"]
[White "Marcellier, Lucie"]
[Black "Melenchuk, Olga"]
[Result "0-1"]
[WhiteElo "1277"]
[BlackElo "1497"]
[PlyCount "112"]
[EventDate "2015.09.21"]
[EventType "swiss"]
[EventRounds "9"]
[EventCountry "CRO"]
[SourceTitle "EXT 2016"]
[Source "ChessBase"]
[SourceDate "2015.10.08"]
[SourceVersion "1"]
[SourceVersionDate "2015.10.08"]
[SourceQuality "1"]

1. e4 e5 2. Nf3 Nc6 3. Bc4 Bc5 4. c3 Nf6 5. d3 d6 6. Bb3 0-0 7. 0-0 Bg4 8. Re1 h6 9. Nbd2 Nh7 10. Nf1 Qf6 11. Ng3 Bxf3 12. Qxf3 Qxf3 13. gxf3 Nd8 14. f4 Ne6 15. fxe5 dxe5 16. Nf5 Neg5 17. Kg2 Rad8 18. Rd1 Rd7 19. a4 Rfd8 20. Bc2 Nxe4 21. Re1 Nef6 22. Rxe5 Rd5 23. Rxd5 Rxd5 24. d4 Bf8 25. Bf4 c6 26. Re1 Nh5 27. Bc7 Rd7 28. Ba5 b6 29. Bb4 Bxb4 30. cxb4 Nf4+ 31. Kf1 Ne6 32. h4 Nf6 33. b5 cxb5 34. axb5 Nxd4 35. Nxd4 Rxd4 36. Re7 Rd7 37. Re2 Kf8 38. Bf5 Rd5 39. Bh3 Rxb5 40. Bg2 Rh5 41. Rd2 Rxh4 42. Rc2 Rd4 43. Rc8+ Ke7 44. Bh3 a5 45. Rb8 Rd6 46. Rb7+ Kf8 47. Rb8+ Ne8 48. Ke2 g6 49. Ke3 f5 50. Bg2 Ke7 51. Rc8 Kd7 52. Rc4 Nf6 53. Kf3 Ng4 54. Kg3 Rd2 55. f3 Ne3 56. Rc3 Nxg2 0-1

[Event "EU-ch U10 Girls 25th"]
[Site "Porec"]
[Date "2015.09.25"]
[Round "5"]
[White "Zhurova, Anna"]
[Black "Marcellier, Lucie"]
[Result "1-0"]
[WhiteElo "1452"]
[BlackElo "1277"]
[PlyCount "57"]
[EventDate "2015.09.21"]
[EventType "swiss"]
[EventRounds "9"]
[EventCountry "CRO"]
[SourceTitle "EXT 2016"]
[Source "ChessBase"]
[SourceDate "2015.10.08"]
[SourceVersion "1"]
[SourceVersionDate "2015.10.08"]
[SourceQuality "1"]

1. e4 c5 2. Nf3 d6 3. d4 cxd4 4. Nxd4 Nf6 5. Nc3 a6 6. Bg5 e6 7. Qf3 Nbd7 8. 0-0-0 b5 9. e5 dxe5 10. Qxa8 exd4 11. Rxd4 Bc5 12. Bxf6 gxf6 13. Rd2 Ke7 14. Qc6 Rg8 15. Rxd7+ Bxd7 16. Qxc5+ Ke8 17. g3 Rg5 18. Qd4 Qa8 19. Rg1 Bc6 20. Qxf6 Rg8 21. Bd3 h5 22. Re1 Bd7 23. Ne4 Qc6 24. Rd1 Qc7 25. Bxb5 Bxb5 26. Nd6+ Kf8 27. Nxb5 axb5 28. Rd8+ Qxd8 29. Qxd8+ 1-0